MODERN TOXICOLOGY : THE ADVERS EFFECTS OF XENOBIOTICS [VOL-2] (Record no. 7923)

MARC details
000 -LEADER
fixed length control field 00444nam a22001697a 4500
005 - DATE AND TIME OF LATEST TRANSACTION
control field 20220214160751.0
008 - FIXED-LENGTH DATA ELEMENTS--GENERAL INFORMATION
fixed length control field 220214b ||||| |||| 00| 0 eng d
020 ## - INTERNATIONAL STANDARD BOOK NUMBER
ISBN 978819101920
041 ## - LANGUAGE CODE
Language code of text/sound track or separate title eng
082 ## - DEWEY DECIMAL CLASSIFICATION NUMBER
Classification number 615.9
100 ## - MAIN ENTRY--AUTHOR NAME
Personal name GUPTA , P. K
245 ## - TITLE STATEMENT
Title MODERN TOXICOLOGY : THE ADVERS EFFECTS OF XENOBIOTICS [VOL-2]
260 ## - PUBLICATION, DISTRIBUTION, ETC. (IMPRINT)
Place of publication HYDERABAD
Name of publisher PHARMA PRESS
300 ## - PHYSICAL DESCRIPTION
Number of Pages 460 P.
650 ## - SUBJECT ADDED ENTRY--TOPICAL TERM
Topical Term PHARMACY
General subdivision B PHARMA
942 ## - ADDED ENTRY ELEMENTS (KOHA)
Koha item type Books
Holdings
Lost status Damaged status Collection code Home library Current library Shelving location Date acquired Source of acquisition Cost, normal purchase price Full call number Accession Number Koha item type
    Reference JRU Library JRU Library SHELF-4-B 14/02/2022 LOHIYA BOOK INTERNATIONAL 3495.00 615.9 26375 Books